000
00278nam a22001097a 4500
008
160427b xxu||||| |||| 00| 0 eng d
020
_a
9780803636651
041
_a
eng
080
_a
618.2
245
_a
Marernal Child nursing care:
_c
Susan Ward ; Shelton Hisley;
942
_2
udc
_c
BK
999
_c
1622
_d
1622